Masses in Latin America (Record no. 453)
[ view plain ]
| 000 -LEADER | |
|---|---|
| fixed length control field | 01461cam a22001934a 4500 |
| 005 - ΗΜΕΡΟΜΗΝΙΑ ΚΑΙ ΩΡΑ ΤΕΛΕΥΤΑΙΑΣ ΕΝΗΜΕΡΩΣΗΣ | |
| Πεδίο ελέγχου | 20250605163935.0 |
| 008 - FIXED-LENGTH DATA ELEMENTS--GENERAL INFORMATION | |
| Πεδίο ελέγχου σταθερού μήκους | 250528s ||||||||||||||||||||||||d |
| 035 ## - SYSTEM CONTROL NUMBER | |
| System control number | 14841 |
| 020 ## - ISBN | |
| ISBN | 195007956 |
| 040 ## - ΠΗΓΗ ΚΑΤΑΛΟΓΟΓΡΑΦΗΣΗΣ | |
| Φορέας πρωτότυπης καταλογογράφησης | MC Athens Campus Library |
| Γλώσσα καταλογογράφησης | Ελληνικά, Μοντέρνα (1453-) |
| Modifying agency | MC Athens Campus Library |
| Κανόνες περιγραφικής καταλογογράφησης | AACR2 |
| 245 1# - ΤΙΤΛΟΣ ΚΑΙ ΔΗΛΩΣΗ ΥΠΕΥΘΥΝΟΤΗΤΑΣ | |
| Τίτλος | Masses in Latin America |
| 260 ## - PUBLICATION, DISTRIBUTION, ETC. | |
| Name of publisher, distributor, etc. | Oxford University Press, |
| Date of publication, distribution, etc. | 1970 |
| 300 ## - PHYSICAL DESCRIPTION | |
| Extent | 614 |
| 520 ## - SUMMARY, ETC. | |
| Summary, etc. | The contributors seek to define the various public, interest groups, social sectors and ethnic and national elements existing in Latin America. Masses and Mobilization, Masses in Latin America, Development and Stagnation in Latin America, Working-Class Consciousness and Economic Development in Latin America, Agricultural Policy of Land Reform, Masses and Urbanization, The Political Integration of Lower-Class Urban Settlements in Chile and Peru, Urban Poverty in Latin America, Classes and Colonialism and Acculturation, Mass Immigration and Modernization in Argentina, Financing Land Reform: A Mexican Casebook, The Social Organization of Low-Income Families, Masses and Politicalization, State and Mass in Brazil, The Mechanics of Internal Domination and Social Change in Peru, Peasant Organization in Agrarian Reform in Mexico, Social Change and Rural Violence in Colombia, Mass and Class in the Origins of the Cuban Revolution, Mass Society and Social Class and the Emergence of Fascism. |
| 700 1# - ΠΡΟΣΘΕΤΗ ΑΝΑΓΡΑΦΗ--ΦΥΣΙΚΟ ΠΡΟΣΩΠΟ | |
| Personal name | Horowitz Irving Louis |
| 9 (RLIN) | 609 |
| 942 ## - ADDED ENTRY ELEMENTS (KOHA) | |
| Koha item type | Books |
| Τύπος τεκμηρίου | Βιβλιοθήκη | Τρέχουσα τοποθεσία | Barcode | Αριθμός εισαγωγής | Ημερομηνία απόκτησης | Ταξιθετικό σύμβολο | Αριθμός αντιτύπου | Κατάσταση απόσυρσης | Κατάσταση χαμένου | Κατάσταση κατεστραμμένου | Μη δανεισμός | Σύνολο δανεισμών | Ημερομηνία τελευταίας εμφάνισης | Η τιμή ισχύει από |
|---|---|---|---|---|---|---|---|---|---|---|---|---|---|---|
| Books | MC Athens Campus Library | MC Athens Campus Library | 9780000004529 | 5422 | 05/06/2025 | 302.230/980 HOR | 1 | 05/06/2025 | 05/06/2025 |